000 00346nam a22000977a 4500
008 160502b xxu||||| |||| 00| 0 eng d
100 _aGoodbody, Anthony
245 _aThe railway post offices of Denmark
260 _aOmaha, NE
_bMobile Post Office Society
_c1979
650 _aDenmark | Railway Mail | Mobile Post Offices | Postal History | Postal Routes
999 _c1943
_d1943